000 00504nmm a2200169Ia 4500
008 251105s9999||||xx |||||||||||||||||und||
020 _a9789562829908
041 _aspa
100 _aCorvalán, Luis
245 0 _aLos comunistas y la democracia
264 _a[Santiago de Chile, Chile] :
_bLOM Ediciones,
_c2008
300 _a152 páginas
490 _aCiencias Sociales y Humanas
650 _aPolitical Science (General)
856 _uhttps://public.digitaliapublishing.com/a/13256
942 _cCF
999 _c94348
_d94348